000 02211cjm a2200481 i 4500
001 991061739602806706
003 ES-BaIT
005 20260326101018.0
007 sd#fsngnnmmned
008 241219t19991999xxubtn| fz | zxx
010 _a 2024790326
028 0 2 _aRRCD 6046
_bRoper Records
035 _a23958224
040 _aES-BaIT
_bcat
_erda
_cES-BaIT
084 _aCD M 581
245 0 0 _aBallet music for barre and center floor :
_belementary, intermediate, advanced /
_cJoe Cross, pianist ; supervised by David Howard ; original music composed by Joe Cross
264 1 _aL[ong] I[sland] C[ity], N.Y. :
_bRoper Records,
_c[1999]
264 4 _c℗1999
300 _a1 disc àudio ;
_c12 cm
336 _amúsica executada
_bprm
_2rdacontent
337 _aàudio
_bs
_2rdamedia
338 _adisc àudio
_bsd
_2rdacarrier
344 _adigital
_2rdatr
344 _bòptic
_2rdarm
344 _c1.4 m/s
347 _afitxer àudio
_2rdaft
347 _bCD audio
500 _aTítol obtingut de la superfície del disc
500 _aAl contenidor: "Double length CD"
500 _aNotes biogràfiques de Howard i Cross dins el contenidor
505 8 _aConté:
_gBarre technique.
_tPlies ;
_tTendu 1st ;
_tTendu 5th ;
_tDegage 1st ;
_tBalançoire ;
_tDegage 5th ;
_tPas de cheval ;
_tRonds de jambe a terre ;
_tFrappe ;
_tFondu/adagio ;
_tRond de jambe en l'air ;
_tPetit battements ;
_tStretch/adagio ;
_tGrand battement ;
_tPointe, echappes, releves, sous sus --
505 8 _aConté:
_gCenter floor technique.
_tAdagio ;
_tCenter practice, tendus ;
_tCenter practice combination ;
_tSlow waltz ;
_tPirouettes #1 tango ;
_tPirouettes #2 ;
_tAllegro #1 : small jumps ;
_tAllegro #2 ;
_tAllegro #3 combination ;
_tGrand allegro ;
_tTravelling turns, piques, chaines ;
_tReverence/adagio.
511 0 _aDavid Howard, supervisor/director.
650 4 _aDansa clàssica
_xEnsenyament
_956590
650 7 _aMúsica de dansa clàssica
_957375
650 7 _aPiano, Música per a
_957536
700 1 _aHoward, David,
_d1937-2013
_edirector
_9169162
700 1 _aCross, Joe
_ecompositor,
_einstrumentista
_9169163
710 2 _aRoper Records
_9169164
908 _aCDMAE
940 _aCDMAE
942 _2udc
_c4
999 _c137322
_d137322